Success With Writing: Grade 2 (Record no. 125793)

MARC details
000 -LÍDER
campo de controle de tamanho fixo 00653 a2200157 4500
001 - NÚMERO DE CONTROLE
campo de controle 125793
020 ## - ISBN - INTERNATIONAL STANDARD BOOK NUMBER
ISBN - International Standard Book Number 9780545200783
040 ## - FONTE DA CATALOGAÇÃO
Instituição que transcreveu o registro Escola Canadense de Niteroi
100 ## - ENTRADA PRINCIPAL--NOME PESSOAL
Nome pessoal Lisa Molengraft
245 10 - TÍTULO
Título Success With Writing: Grade 2
362 0# - DATAS DE PUBLICAÇÃO E/OU DESIGNAÇÃO SEQUENCIAL
Datas de publicação e/ou designação sequencial 2010
490 0# - TÍTULO DA SÉRIE
Título da série Success With Writing
520 ## - NOTA DE RESUMO, ETC
Resumo, etc. High-interest topics and engaging exercises designed to stimulate and encourage children as they develop the necessary skills to become independent writers. Includes strategies with grade-appropriate skills that can be used in daily writing assignments such as journals, stories, and letters!
650 #4 - ASSUNTO--TERMO TÓPICO
Cabeçalho tópico ou nome geográfico Education and Teaching
942 ## - ELEMENTOS DE ENTRADA ADICIONADOS (KOHA)
Tipo de material Koha Livros
Holdings
Situação do descarte Situação das perdas Situação física Não pode ser emprestado Biblioteca de origem Biblioteca atual Data de aquisição Total de empréstimos Código de barras Data de último acesso Data do preço efetivo Tipo de material Koha
        Canadian School of Niterói - Piratininga Canadian School of Niterói - Piratininga 09/02/2024   A14543 09/02/2024 09/02/2024 Livros